Ekologi, populasi dan pengurusan anai-anak perosak pokok rhu di Persisiran Pantai Semenanjung Malaysia

Bibliographic Details
Other Authors: Ahmad Said Sajap
Format: Book
Published: Kuala Lumpur : Maziza Sdn. Bhd , 2018
Subjects:

MARC

LEADER 00000cam a2200000 7i4500
001 0000004123
005 20180330.0
020 0 0 |a 9789672149064 
090 0 0 |a 595.73609595   |b RHU 2018 
245 1 0 |a Ekologi, populasi dan pengurusan anai-anak perosak pokok rhu di Persisiran Pantai Semenanjung Malaysia   |c Su Ping Ong...etc 
260 0 0 |a Kuala Lumpur :   |b Maziza Sdn. Bhd ,   |c 2018 
300 |a xi, 73 p. :   |b ill., col. ;   |c 21 cm. 
500 0 0 |a Bibliography: [p. 69-73] 
650 0 0 |a Termites---habitations 
650 0 0 |a Termites---parasites---control---handbooks, manuals, etc 
700 0 1 |a Ahmad Said Sajap 
999 |a 007984   |b Monograph   |c Open Shelf   |e Default branch